Responsabilidad civil en la era digital
Wedi'i Gadw mewn:
| Prif Awdur: | |
|---|---|
| Fformat: | Llyfr |
| Iaith: | Sbaeneg |
| Cyhoeddwyd: |
Bogotá
Universidad Externado de Colombia
2007
|
| Rhifyn: | 1a. ed |
| Pynciau: | |
| Tagiau: |
Ychwanegu Tag
Dim Tagiau, Byddwch y cyntaf i dagio'r cofnod hwn!
|
MARC
| LEADER | 00000nam a2200000 a 4500 | ||
|---|---|---|---|
| 001 | UCH3643 | ||
| 003 | CL-VaPUC | ||
| 008 | 090813e20070000CK |||||||||||||||||spa|d | ||
| 020 | |a 9789587102482 | ||
| 082 | 0 | 4 | |a 345.04 |b PEÑ |2 21 |
| 100 | 0 | |a Peña Valenzuela, Daniel |e author |9 539139 | |
| 245 | 1 | 0 | |a Responsabilidad civil en la era digital |
| 250 | |a 1a. ed | ||
| 300 | |a 223 p | ||
| 942 | |c BK | ||
| 945 | |d 20090813 00:00:00 |a rbrito | ||
| 260 | |a Bogotá |b Universidad Externado de Colombia |c 2007 | ||
| 650 | 7 | |a RESPONSABILIDAD CIVIL |2 CL-VaPUC |9 539140 | |
| 650 | 0 | |a Comercio electrónico |9 428366 | |
| 650 | 0 | |a Internet |9 254823 | |
| 650 | 0 | |a Sistemas informáticos |9 534011 | |
| 650 | 7 | |a CORREO ELECTRONICO |2 CL-VaPUC |9 340458 | |
| 583 | |a last modification |c 20090813 00:00:00 |k Rodrigo Vera | ||
| 999 | |c 335126 |d 335124 | ||
| 952 | |0 0 |1 0 |4 0 |6 345_040000000000000_PEÑ_2007 |7 0 |8 A |9 424738 |a BIBDER |b BIBDER |d 2019-11-22 |i 4587065 |o 345.04 PEÑ 2007 |p 4587065 |r 2019-11-22 |w 2019-11-22 |y BK |k DER | ||